| 000 | 00795nam a22002297a 4500 | ||
|---|---|---|---|
| 999 |
_c175512 _d175512 |
||
| 005 | 20200908110237.0 | ||
| 010 | _aENG-128388 | ||
| 020 |
_c799.00 _a9789353949457 |
||
| 035 | _aEN-111920 | ||
| 037 | _bDBAD/PUB | ||
| 082 | _a519.5 | ||
| 100 | _aBajpai, Naval | ||
| 245 |
_aBusiness Statistics _cby Naval Bajpai |
||
| 250 | _a3rd edition | ||
| 260 |
_aNoida _bPearson _c2020 |
||
| 270 |
_a15th floor,Tower-B,Word Trade Tower,Plot no.1,Block-C sec 16, _bNoida _e201301 _k04466540100 _mcompanysecretary.india@pearson.com |
||
| 300 |
_axxxii; 884p. _c25cm(pbk) _billustrations, tables and graphs |
||
| 600 | _dSenior editor- Varun Goenka | ||
| 600 | _dEditor Development- Jigyasa Bhatia | ||
| 600 | _dSEnioe Editor Production- G. Sharmilee | ||
| 942 |
_2ddc _cEN _h519.5 _mBAJ |
||